000 00662nam a2200193Ia 4500
003 GCL
008 140319s9999 xx 000 0 ara d
020 _a2438215977
040 _aGCL /
_cGCL
082 0 4 _a953.0962
_bم ا
100 1 _aمصطفى بركات
245 1 0 _aالالقاب والوظائف العثمانية /
_cمصطفى بركات
260 _aالقاهرة :
_bدار غريب للطباعة والنشر والتوزيع ،
_c2000
300 _a466 ص ؛
_c24 سم
650 0 4 _aالوظائف
650 0 4 _aالرتب والالقاب
650 0 4 _aمصر - تاريخ - العصر العثمانى ( 1517-1914 م )
942 _2ddc
_cBK
999 _c991
_d991